| 000 | 00685nam a22002057a 4500 | ||
|---|---|---|---|
| 003 | 0 | ||
| 005 | 20241018140530.0 | ||
| 008 | 241018b xxu||||| |||| 00| 0 eng d | ||
| 020 | _a9781774697481 | ||
| 050 |
_aHD 30.2 _b.St77 2024 |
||
| 100 |
_aStruik, Jeff, _eauthor. |
||
| 245 |
_aInformation technology service management / _cJeff Struik. |
||
| 260 |
_aBurlington, ON : _bToronto Academic Press, _c2024. |
||
| 300 |
_axiii, 174 p. : _bcol. ill. ; _c26 cm. |
||
| 504 | _aIncludes bibliographical references and index. | ||
| 650 |
_aInformation technology _vManagement. |
||
| 650 | _aInformation resources management. | ||
| 650 | _aSupport services (management). | ||
| 942 |
_2lcc _cBK |
||
| 999 |
_c366591 _d366591 |
||